Délmagyarország. - 1930. augusztus 5., Kedd
Elmentve itt :
| Dokumentumtípus: | Újság |
|---|---|
| Megjelent: |
1930-08-05
|
| Sorozat: | Délmagyarország
6 No. 174 |
| Online Access: | http://dmarchiv.bibl.u-szeged.hu/6253 |
| LEADER | 00484nas a2200145 i 4500 | ||
|---|---|---|---|
| 001 | delm6253 | ||
| 005 | 20200414150626.0 | ||
| 008 | 171213s1930 hu n o 0|| hun d | ||
| 022 | |a 0133-025X | ||
| 040 | |a SZTE Délmagyarország Archívum |b hun | ||
| 041 | |a hun | ||
| 245 | 0 | 0 | |a Délmagyarország. - 1930. augusztus 5., Kedd |h [elektronikus dokumentum] |
| 260 | |c 1930-08-05 | ||
| 490 | 0 | |a Délmagyarország |v 6 No. 174 | |
| 856 | 4 | 0 | |u http://dmarchiv.bibl.u-szeged.hu/6253/1/dm_1930_174.pdf |z Dokumentum-elérés |